Porovnanie štruktúry čistých peňažných výdavkov súkromných domácností SR v rokoch 2000 a 2005

Porovnanie základnej štruktúry čistých peňažných výdavkov (v percentách na osobu a mesiac) súkromných domácností Slovenskej republiky podľa účelu použitia za roky 2000 a 2005.

Saved in:
Bibliographic Details
Main Author: Labudová, Viera, 1958-
Format: Book Chapter
Language:Slovak
Subjects:
Tags: Add Tag
No Tags, Be the first to tag this record!

MARC

LEADER 00000naa$a2200000$$$4500
001 0043749
005 20240502071520.6
041 0 |a slo 
044 |a SK 
245 1 0 |a Porovnanie štruktúry čistých peňažných výdavkov súkromných domácností SR v rokoch 2000 a 2005  |c Viera Labudová 
520 |a Porovnanie základnej štruktúry čistých peňažných výdavkov (v percentách na osobu a mesiac) súkromných domácností Slovenskej republiky podľa účelu použitia za roky 2000 a 2005. 
610 2 0 |a modely ekonomicko-matematické 
610 2 0 |a Slovensko 
610 2 0 |a výdavky obyvateľstva 
610 2 0 |a domácnosti 
610 2 0 |a úroveň životná 
610 2 0 |a zmeny štruktúrne 
100 1 |a Labudová, Viera, 1958-